00609nam a2200193Ia 4500001002500000003000900025008004100034040002300075041001300098100002400111245003400135250001300169260002700182300002500209490000900234500003300243501012400276520001500400709.45-ARG gi st (22316)IT-MiSPE171229s9999||||xx |||||||||||||| ||und|| aIT-MiSPEcIT-MiSPE aITALIANO aGiulio Carlo Argan  0aStoria dell'arte italianabI. a11 rist. aFirenzebSansonic1977 a398 p. [3 v.]c24 cm v 1° aArte - Storia; Arte - Italia aEdizioni San Paolo srl - Piazza Soncino, 5 - 20092 CINISELLO BALSAMO (MI) (non commercial uses only) ® Copyright 2018 aIll., tav.